Родоначальники российского предпринимательства

Библиографические подробности
Главный автор: Захарова В. Виктория
Примечания:Хотите узнать, почему Россию ждет великое будущее?! Для того чтобы понять себя нынешних и предугадать наше будущее, необходимо лучше представлять свое наследие. Автор с помощью исторических примеров и архивных источников рассказывает о самых любопытных и ярких достижениях первых бизнесменов Отечества. Когда Россия вышла на второе место в мире по тем­пам строительства железных дорог и, как правительство и власти оказывали поддержку первым российским предпринимателям, а также многое другое — интересное и познавательное, можно най­ти в этой книге.Труд профессионала будет интересен самому массовому чита­телю: и тем, кто только мечтает попробовать силы в «своем» деле, и для тех, кто уже преуспел в этой жизни...
Язык:русский
Опубликовано: Москва, Флинта, 2015
Предметы:
Формат: Книга
Запись в KOHA:https://koha.lib.tpu.ru/cgi-bin/koha/opac-detail.pl?biblionumber=307927

MARC

LEADER 00000nam0a2200000 4500
001 307927
005 20241001140055.0
010 |a 9785976521117 
035 |a (RuTPU)RU\TPU\book\333235 
090 |a 307927 
100 |a 20151027d2015 km y0rusy50 ca 
101 0 |a rus 
102 |a RU 
105 |a y z 000zd 
200 1 |a Родоначальники российского предпринимательства  |f В. Захарова 
210 |a Москва  |c Флинта  |d 2015 
215 |a 252 с. 
330 |a Хотите узнать, почему Россию ждет великое будущее?! Для того чтобы понять себя нынешних и предугадать наше будущее, необходимо лучше представлять свое наследие. Автор с помощью исторических примеров и архивных источников рассказывает о самых любопытных и ярких достижениях первых бизнесменов Отечества. Когда Россия вышла на второе место в мире по тем­пам строительства железных дорог и, как правительство и власти оказывали поддержку первым российским предпринимателям, а также многое другое — интересное и познавательное, можно най­ти в этой книге.Труд профессионала будет интересен самому массовому чита­телю: и тем, кто только мечтает попробовать силы в «своем» деле, и для тех, кто уже преуспел в этой жизни... 
600 1 |a Сабашников  |b М. В.  |c российский книгоиздатель  |c один из основателей издательства Сабашниковых в Москве (1891)  |f 1871-1943  |g Михаил Васильевич  |2 stltpush  |3 (RuTPU)RU\TPU\pers\14125  |9 4593 
600 1 |a Морозов  |b Т. С.  |c российский предприниматель  |c банкир  |f 1823-1889  |g Тимофей Саввич  |7 ca  |8 rus  |2 stltpush  |3 (RuTPU)RU\TPU\pers\12516  |9 3519 
600 1 |a Морозов  |b С. Т.  |c российский предприниматель  |c меценат  |f 1862-1905  |g Савва Тимофеевич  |7 ca  |8 rus  |2 stltpush  |3 (RuTPU)RU\TPU\pers\12391  |9 3401 
600 1 |a Боткин  |b С. П.  |c российский врач, терапевт  |f 1832-1889  |g Сергей Петрович  |2 stltpush  |3 (RuTPU)RU\TPU\pers\9287  |9 1842 
600 1 |a Рябушинский  |b М. Я.  |c российский предприниматель  |c основатель династии Рябушинских  |f 1786-1858  |g Михаил Яковлевич  |c до 1820 Яковлев  |2 stltpush  |3 (RuTPU)RU\TPU\pers\12518 
600 1 |a Рябушинский  |b П. М.  |c российский предприниматель  |f 1820-1899  |g Павел Михайлович  |7 ca  |8 rus  |2 stltpush  |3 (RuTPU)RU\TPU\pers\12519  |9 3522 
600 1 |a Рябушинский  |g Павел Павлович  |b П. П.  |c российский прмышленник  |c банкир  |f 1871-1924  |2 stltpush  |3 (RuTPU)RU\TPU\pers\178 
606 1 |a Предпринимательство  |x История  |y Россия  |y Урал  |y Сибирь  |2 stltpush  |3 (RuTPU)RU\TPU\subj\36669  |9 57968 
610 1 |a экономическая история 
610 1 |a Россия 
610 1 |a предприниматели 
610 1 |a предпринимательская деятельность 
610 1 |a бизнес 
610 1 |a фабрично-заводская промышленность 
610 1 |a фабрикакты 
610 1 |a меценаты 
610 1 |a театр 
610 1 |a купцы 
610 1 |a женщины-предприниматели 
610 1 |a ярмарки 
610 1 |a ярмарки-выставки 
610 1 |a торгово-промышленные выставки 
610 1 |a буржуазия 
610 1 |a торговля 
610 1 |a реклама 
610 1 |a железные дороги 
610 1 |a книгоиздатели 
610 1 |a книгоиздательство 
610 1 |a изобретатели 
686 |a У03(2)  |v LBC/SL-A  |2 rubbk 
700 1 |a Захарова  |b В.  |g Виктория 
801 1 |a RU  |b 63413507  |c 20151027 
801 2 |a RU  |b 63413507  |c 20160930  |g RCR 
900 |a Предпринимательство 
942 |c BK 
959 |a 132/20151027  |d 1  |e 400,00  |f ЧЗГЛ:1 
959 |a 32/20160331  |d 1  |e 400,00  |f ЧЗГЛ:1